000 00301 a2200157 4500
001 59022
020 _a
040 _cAnchieta - Pituba
100 _aMocellin, Renato
240 1 0 _aFederalista
_lpor
245 1 0 _aFederalista
300 _a39
362 0 _a1989
650 4 _aBrasil
942 _cBK
999 _c59022
_d59022